000 00722nam a2200193 a 4500
003 0
005 20250407103956.0
008 071126s19uu xx 00 eng d
050 _aPHS S 633
_b.N86 2007
100 _aNuñez, Yves Mitchel M.
245 _aQualities of rice (Oryza sativa) and cassava (Manihot esculentum) flour /
_cYnes Mitchel M. Nuñez.
260 _aLas Piñas City, Philippines :
_bSouthville International School and Colleges,
_c2007.
300 _a26 pages :
_billustrations ;
_c28 cm.
504 _aIncludes bibliographical references.
650 _2Library of Congress Subject Headings
_aRice.
650 _2Library of Congress Subject Headings
_aCassava.
942 _2lcc
_cPASS
999 _c97864
_d97864